[Event "Kiev Spring op"]
[Site "Kiev"]
[Date "2023.03.30"]
[Round "8"]
[White "Nedin, Danylo"]
[Black "Marchenko, Valentyn"]
[Result "0-1"]
[WhiteElo "1556"]
[BlackElo "1944"]
[PlyCount "148"]
[EventDate "2023.03.25"]
[EventType "swiss"]
[EventRounds "9"]
[EventCountry "UKR"]
[SourceTitle "EXT 2024"]
[Source "ChessBase"]
[SourceDate "2023.10.10"]
[SourceVersion "1"]
[SourceVersionDate "2023.10.10"]
[SourceQuality "1"]

1. d4 e6 2. c4 d5 3. Nf3 Nf6 4. g3 b6 5. Bg2 Bb7 6. cxd5 exd5 7. 0-0 Be7 8. Qc2 0-0 9. Bf4 c5 10. dxc5 bxc5 11. Qb3 Qb6 12. Nbd2 Nc6 13. Ne5 Nd4 14. Qd1 Ba6 15. Re1 Qxb2 16. Rb1 Qa3 17. e3 Ne6 18. Nc6 Rfe8 19. Nxe7+ Rxe7 20. Be5 Rd8 21. Bxf6 gxf6 22. Qh5 Qxa2 23. Nf3 Bd3 24. Ra1 Qb2 25. h4 c4 26. Qh6 Be4 27. g4 Bxf3 28. Bxf3 Qe5 29. Ra5 c3 30. Bd1 Nd4 31. Kg2 c2 32. exd4 Qxe1 33. Bxc2 Re4 34. Bxe4 Qxe4+ 35. Kg3 Qxd4 36. Qe3 Qe5+ 37. Qxe5 fxe5 38. Rxa7 d4 39. Ra2 Kg7 40. Kf3 h5 41. g5 f5 42. gxf6+ Kxf6 43. Ke4 d3 44. Ra6+ Ke7 45. Ra7+ Kd6 46. Kxd3 Ke6+ 47. Ke3 Rd4 48. Kf3 Rxh4 49. Kg3 Rg4+ 50. Kf3 Rh4 51. Kg3 Rg4+ 52. Kf3 Rf4+ 53. Kg2 Kf6 54. f3 h4 55. Rh7 Ra4 56. Kh3 Kg5 57. Rg7+ Kf5 58. Rf7+ Ke6 59. Rh7 Rf4 60. Kg2 Kd5 61. Rd7+ Kc4 62. Ra7 Kc5 63. Ra5+ Kd6 64. Ra6+ Kd5 65. Ra5+ Ke6 66. Ra6+ Kf5 67. Ra8 Rd4 68. Rf8+ Kg5 69. Kh3 Rd2 70. Rg8+ Kf4 71. Rf8+ Ke3 72. Kxh4 Rf2 73. Re8 Kxf3 74. Rxe5 Kf4 0-1